000
00217nam a2200097Ia 4500
008
120527s9999 xx 000 0 und d
100
_a
BRUCE, J
245
_a
Onion storage in the tropics
260
_b
NRI
942
_c
BK
999
_c
25128
_d
25128